书目信息 |
| 题名: |
西方经济学
|
|
| 作者: | 刘冰 总编 ;辛波 主编 | |
| 分册: | 宏观经济学 | |
| 出版信息: | 北京 经济科学出版社 2012 |
|
| 页数: | 273页 | |
| 开本: | 26cm | |
| 丛书名: | ||
| 单 册: | ||
| 中图分类: | F0-08 , F015 | |
| 科图分类: | ||
| 主题词: | 西方经济学--教材 , 宏观经济学--教材 , 西方经济学 , 宏观经济学 | |
| 电子资源: | ||
| ISBN: | 978-7-5141-1991-6 | |
| 000 | 01078nam0 2200301 450 | |
| 001 | 523 | |
| 005 | 20140908143405.53 | |
| 010 | @a978-7-5141-1991-6@dCNY34.00 | |
| 100 | @a20120919d2012 em y0chiy50 ea | |
| 101 | 0 | @achi |
| 102 | @aCN@b110000 | |
| 105 | @ay z 000yy | |
| 106 | @ar | |
| 200 | 1 | @a西方经济学@AXi Fang Jing Ji Xue@i宏观经济学@IHong Guan Jing Ji Xue@dWestern economics@iMacroeconomics@f刘冰总编@FLiu Bing Zong Bian@g辛波主编@zeng |
| 210 | @a北京@c经济科学出版社@d2012 | |
| 215 | @a273页@d26cm | |
| 330 | @a本书介绍了宏观经济学的基本理论和方法。全书分为国民收入核算理论;国民收入决定:收入-支出模型;货币、利率和国民收入;国民收入的决定:IS-LM模型;宏观经济政策分析等10章。 | |
| 510 | 1 | @aWestern economics@iMacroeconomics@zeng |
| 606 | 0 | @a西方经济学@j教材 |
| 606 | 0 | @a宏观经济学@j教材 |
| 606 | 0 | @a西方经济学 |
| 606 | 0 | @a宏观经济学 |
| 690 | @aF0-08@v5 | |
| 690 | @aF015@v5 | |
| 701 | 0 | @a刘冰@ALiu Bing@f(1966~)@4总编 |
| 702 | 0 | @a辛波@AXin Bo@f(1965.11~)@4主编 |
| 801 | 0 | @aCN@bTANGWEI@c20140603 |
| 905 | @b0839365-67@dF0-08@e425@f3 | |
| 西方经济学.宏观经济学=Western economics.Macroeconomics/刘冰总编/辛波主编.-北京:经济科学出版社,2012 |
| 273页;26cm |
| ISBN 978-7-5141-1991-6:CNY34.00 |
| 本书介绍了宏观经济学的基本理论和方法。全书分为国民收入核算理论;国民收入决定:收入-支出模型;货币、利率和国民收入;国民收入的决定:IS-LM模型;宏观经济政策分析等10章。 |
| ● |
| 相关链接 |
|
|
|
|
正题名:西方经济学
索取号:F0-08/425
 
预约/预借
| 序号 | 登录号 | 条形码 | 馆藏地/架位号 | 状态 | 备注 |
| 1 | 0839365 | 208393656 | 第一样本阅览室/ [索取号:F0-08/425] | 在馆 | |
| 2 | 0839366 | 208393665 | 经管系资料室/ [索取号:F0-08/425] | 在馆 | |
| 3 | 0839367 | 208393674 | 第一借阅区/ [索取号:F0-08/425] | 在馆 |